[Event "Euskadi-chT (Vasca) Div 1st"]
[Site "Bergara"]
[Date "2017.01.21"]
[Round "2.4"]
[White "Jimenez Martin, Gustavo"]
[Black "Aguirre Canflanca, Josu"]
[Result "1/2-1/2"]
[WhiteElo "2152"]
[BlackElo "2199"]
[PlyCount "101"]
[EventDate "2017.01.14"]
[EventType "team-tourn"]
[EventRounds "9"]
[EventCountry "ESP"]
[SourceTitle "EXT 2024"]
[Source "ChessBase"]
[SourceDate "2023.10.10"]
[SourceVersion "1"]
[SourceVersionDate "2023.10.10"]
[SourceQuality "1"]

1. d4 e6 2. f4 Nf6 3. Nf3 b6 4. e3 Bb7 5. Bd3 g6 6. Nbd2 Bg7 7. 0-0 d5 8. b3 0-0 9. Bb2 c5 10. Ne5 Nc6 11. Ndf3 Nb4 12. Be2 Ne4 13. a3 Nc6 14. Nd2 Nd6 15. Ndf3 Ne7 16. Bd3 Rc8 17. c3 f6 18. Ng4 c4 19. Bc2 cxb3 20. Bxb3 Nef5 21. Qe2 Kh8 22. Nd2 Qd7 23. Nf2 Nc4 24. Nxc4 dxc4 25. Bc2 Nd6 26. e4 f5 27. a4 Rfe8 28. a5 b5 29. Ba3 a6 30. Rad1 Nf7 31. Nh3 Bf6 32. Rfe1 fxe4 33. Bxe4 Bd5 34. Nf2 Bd8 35. Bxd5 Qxd5 36. Ne4 Rc6 37. Bb4 Nh6 38. Qf2 Ng4 39. Qg3 Nf6 40. Ng5 Qd7 41. Qf3 Nd5 42. Re2 Bxg5 43. fxg5 Kg8 44. Rf2 Rc7 45. Bc5 Qg7 46. Rdf1 Rd7 47. Qg3 Rdd8 48. Bd6 Qb7 49. Be5 Rf8 50. Qh3 Qd7 51. Qg3 1/2-1/2

[Event "Mislata op-A 47th"]
[Site "Mislata"]
[Date "2013.08.12"]
[Round "1"]
[White "Gimenez Ruiz, Jesus"]
[Black "Jimenez Martin, Gustavo"]
[Result "0-1"]
[WhiteElo "1755"]
[BlackElo "2136"]
[PlyCount "98"]
[EventDate "2013.08.12"]
[EventType "swiss"]
[EventRounds "9"]
[EventCountry "ESP"]
[SourceTitle "EXT 2024"]
[Source "ChessBase"]
[SourceDate "2023.10.10"]
[SourceVersion "1"]
[SourceVersionDate "2023.10.10"]
[SourceQuality "1"]

1. e4 e5 2. Bc4 Nf6 3. d3 Nc6 4. a3 d5 5. exd5 Nxd5 6. Qf3 Be6 7. Ne2 Qd7 8. h3 Be7 9. Nbc3 Nxc3 10. Bxe6 Qxe6 11. Nxc3 0-0 12. 0-0 Bd6 13. Be3 f5 14. Qd5 Rae8 15. Rac1 Kh8 16. Qxe6 Rxe6 17. Nb5 f4 18. Bd2 Nd4 19. Nxd4 exd4 20. Rce1 Rfe8 21. Rxe6 Rxe6 22. Re1 Rxe1+ 23. Bxe1 Kg8 24. f3 Kf7 25. Bd2 Ke6 26. Kf2 b5 27. Ke2 c5 28. c4 a6 29. b3 g5 30. Be1 Kd7 31. Kd1 Kc6 32. Kc2 Bc7 33. a4 h6 34. axb5+ axb5 35. Bd2 Kb6 36. Be1 Ka6 37. Kb2 Ba5 38. Bxa5 Kxa5 39. Ka3 h5 40. Ka2 bxc4 41. bxc4 Ka4 42. Kb2 Kb4 43. Kc2 Ka3 44. h4 gxh4 45. Kd1 Kb3 46. Kd2 Kb2 47. Kd1 Kc3 48. Ke2 Kc2 49. g4 hxg4 0-1

[Event "Euskadi-chT (Vasca) Div Honor"]
[Site "Bergara"]
[Date "2011.02.05"]
[Round "5"]
[White "Jimenez Martin, Gustavo"]
[Black "Olaizola Ortega, Luis"]
[Result "1-0"]
[WhiteElo "2158"]
[BlackElo "2203"]
[PlyCount "51"]
[EventDate "2011.01.08"]
[EventType "team-tourn"]
[EventRounds "9"]
[EventCountry "ESP"]
[SourceTitle "EXT 2024"]
[Source "ChessBase"]
[SourceDate "2023.10.10"]
[SourceVersion "1"]
[SourceVersionDate "2023.10.10"]
[SourceQuality "1"]

1. f4 d5 2. Nf3 Nf6 3. g3 e6 4. Bg2 Be7 5. 0-0 b6 6. d3 Bb7 7. Nc3 0-0 8. Qe1 Nbd7 9. e4 dxe4 10. dxe4 Ba6 11. Ne2 Bc5+ 12. Kh1 Nxe4 13. b4 Qf6 14. Ne5 Bxe2 15. Nxd7 Nxg3+ 16. Qxg3 Qxa1 17. Re1 Bxb4 18. Bd2 Qd4 19. Bxb4 Qxb4 20. Nxf8 Rd8 21. c3 Qc4 22. Nxh7 Rd3 23. Qh4 Qxc3 24. Be4 Rd2 25. Rxe2 f5 26. Qe1 1-0

[Event "La Fere op"]
[Site "La Fere"]
[Date "2010.07.07"]
[Round "6"]
[White "Jimenez Martin, Gustavo"]
[Black "Degraeve, Jean Marc"]
[Result "0-1"]
[WhiteElo "2211"]
[BlackElo "2563"]
[PlyCount "66"]
[EventDate "2010.07.03"]
[EventType "swiss"]
[EventRounds "9"]
[EventCountry "FRA"]
[SourceTitle "CBM 137 Extra"]
[Source "ChessBase"]
[SourceDate "2010.09.01"]
[SourceVersion "1"]
[SourceVersionDate "2010.09.01"]
[SourceQuality "1"]

1. d4 d6 2. Nf3 g6 3. b3 Bg7 4. Bb2 c5 5. e3 Nc6 6. Bd3 cxd4 7. exd4 Bg4 8. Be2 d5 9. 0-0 Nf6 10. Nbd2 0-0 11. Ne5 Bxe2 12. Qxe2 Rc8 13. a3 e6 14. Rac1 Qb6 15. Qd3 Rc7 16. Kh1 Ne8 17. f4 Nd6 18. Bc3 Rfc8 19. Bb2 f6 20. Nxc6 Rxc6 21. Rfe1 Kf7 22. a4 f5 23. Nf3 Ne4 24. Ng5+ Kg8 25. Nxe4 dxe4 26. Qd2 Rd8 27. a5 Qc7 28. c4 Rcd6 29. d5 Bxb2 30. Qxb2 exd5 31. cxd5 Qxa5 32. Red1 Rxd5 33. Rxd5 Qxd5 0-1

[Event "La Fere op"]
[Site "La Fere"]
[Date "2010.07.06"]
[Round "5"]
[White "Jimenez Martin, Gustavo"]
[Black "Rouffignac, Marie"]
[Result "1-0"]
[WhiteElo "2211"]
[BlackElo "1575"]
[PlyCount "91"]
[EventDate "2010.07.03"]
[EventType "swiss"]
[EventRounds "9"]
[EventCountry "FRA"]
[SourceTitle "CBM 137 Extra"]
[Source "ChessBase"]
[SourceDate "2010.09.01"]
[SourceVersion "1"]
[SourceVersionDate "2010.09.01"]
[SourceQuality "1"]

1. Nf3 d5 2. e3 Nf6 3. b3 Bf5 4. d4 e6 5. a3 Be7 6. Bd3 Bg6 7. 0-0 0-0 8. Ne5 Nbd7 9. Nxg6 hxg6 10. Bb2 c6 11. Nd2 Qc7 12. c4 dxc4 13. bxc4 c5 14. Qc2 Rfd8 15. Nf3 Bd6 16. h3 Rac8 17. Ng5 Nf8 18. Rac1 a6 19. Rfd1 Qc6 20. Nf3 b5 21. Qe2 bxc4 22. Rxc4 Qb6 23. Rdc1 Rc7 24. e4 Be7 25. Qc2 Rdc8 26. Nd2 N8d7 27. a4 Bd8 28. Qb3 Qxb3 29. Nxb3 cxd4 30. Rxc7 Rxc7 31. Rxc7 Bxc7 32. Bxd4 Nb8 33. f3 Nbd7 34. Kf2 Bb6 35. Ke3 e5 36. Bxb6 Nxb6 37. Nc5 Kf8 38. a5 Nbd7 39. Nxd7+ Nxd7 40. Bxa6 Ke7 41. Bb5 Kd6 42. Bxd7 Kxd7 43. Kd3 Kc6 44. Kc4 f6 45. h4 f5 46. g4 1-0

[Event "La Fere op"]
[Site "La Fere"]
[Date "2010.07.05"]
[Round "4"]
[White "Defrance, Laurent"]
[Black "Jimenez Martin, Gustavo"]
[Result "1-0"]
[WhiteElo "2203"]
[BlackElo "2211"]
[PlyCount "31"]
[EventDate "2010.07.03"]
[EventType "swiss"]
[EventRounds "9"]
[EventCountry "FRA"]
[SourceTitle "CBM 137 Extra"]
[Source "ChessBase"]
[SourceDate "2010.09.01"]
[SourceVersion "1"]
[SourceVersionDate "2010.09.01"]
[SourceQuality "1"]

1. d4 d5 2. c4 c6 3. cxd5 cxd5 4. Nf3 Nf6 5. Nc3 Nc6 6. Bf4 a6 7. e3 Bf5 8. Rc1 e6 9. Qb3 Qd7 10. Be2 Nh5 11. Ne5 Nxe5 12. Bxe5 Nf6 13. Na4 Rc8 14. 0-0 Rc6 15. Nb6 Qd8 16. Rxc6 1-0

[Event "La Fere op"]
[Site "La Fere"]
[Date "2010.07.05"]
[Round "3"]
[White "Jimenez Martin, Gustavo"]
[Black "Lebon, Joffrey"]
[Result "1-0"]
[WhiteElo "2211"]
[BlackElo "2015"]
[PlyCount "107"]
[EventDate "2010.07.03"]
[EventType "swiss"]
[EventRounds "9"]
[EventCountry "FRA"]
[SourceTitle "CBM 137 Extra"]
[Source "ChessBase"]
[SourceDate "2010.09.01"]
[SourceVersion "1"]
[SourceVersionDate "2010.09.01"]
[SourceQuality "1"]

1. d4 Nf6 2. Nf3 e6 3. Nbd2 d5 4. e3 Nbd7 5. Bd3 Bd6 6. b3 0-0 7. Bb2 Re8 8. 0-0 e5 9. dxe5 Nxe5 10. Nxe5 Bxe5 11. Bxe5 Rxe5 12. c4 dxc4 13. Bxc4 Rh5 14. Ne4 Qxd1 15. Nxf6+ gxf6 16. Rfxd1 Bf5 17. Rac1 c6 18. Rd4 Re8 19. Be2 Rg5 20. h4 Rg7 21. Rd6 Be6 22. Rcd1 Kf8 23. Bc4 a6 24. g3 h6 25. R1d4 Rh7 26. Kf1 Rg7 27. Ke1 Rh7 28. Kd2 c5 29. Rf4 Ke7 30. Rb6 Rd8+ 31. Kc3 Rd7 32. Re4 f5 33. Bxe6 fxe4 34. Bxd7 Kxd7 35. Rxb7+ Kc6 36. Re7 Kd5 37. Ra7 h5 38. Rxa6 f5 39. Rf6 Ke5 40. Rf8 Ra7 41. a4 c4 42. Rd8 cxb3 43. Kxb3 Rb7+ 44. Ka3 Rb1 45. Rd2 Ke6 46. a5 Ke5 47. Rb2 Ra1+ 48. Kb4 Kd6 49. Kb5 Kc7 50. a6 Kb8 51. Kb6 Rf1 52. a7+ Ka8 53. Kc7 Rc1+ 54. Kd6 1-0

[Event "Euskadi-chT"]
[Site "Bergara"]
[Date "2010.02.06"]
[Round "5.4"]
[White "Arnaez Gil, Juan Ignacio"]
[Black "Jimenez Martin, Gustavo"]
[Result "1/2-1/2"]
[WhiteElo "2242"]
[BlackElo "2211"]
[PlyCount "48"]
[EventDate "2010.01.09"]
[EventType "team-tourn"]
[EventRounds "9"]
[EventCountry "ESP"]
[SourceTitle "EXT 2011"]
[Source "ChessBase"]
[SourceDate "2010.11.26"]
[SourceVersion "1"]
[SourceVersionDate "2010.11.26"]
[SourceQuality "1"]

1. Nf3 d5 2. g3 f5 3. c4 e6 4. b3 Nf6 5. Bg2 Bd6 6. 0-0 0-0 7. Bb2 b6 8. d4 Bb7 9. Ne5 Nbd7 10. Nd2 c5 11. cxd5 exd5 12. Ndc4 Be7 13. Ne3 Ne4 14. f3 Ng5 15. Qd3 cxd4 16. Nxd7 Qxd7 17. Bxd4 Rad8 18. Rad1 g6 19. Bh1 Bf6 20. Bxf6 Rxf6 21. f4 Ne4 22. Bxe4 fxe4 23. Qd4 Rf7 24. Kg2 h5 1/2-1/2

[Event "Vlissingen HZ op 10th"]
[Site "Vlissingen"]
[Date "2006.08.06"]
[Round "3"]
[White "Jimenez Martin, Gustavo"]
[Black "Visser, Anton P"]
[Result "1/2-1/2"]
[WhiteElo "2133"]
[BlackElo "1986"]
[PlyCount "85"]
[EventDate "2006.08.05"]
[EventType "swiss"]
[EventRounds "9"]
[EventCountry "NED"]
[SourceTitle "CBM 113 Extra"]
[Source "ChessBase"]
[SourceDate "2006.09.14"]
[SourceVersion "1"]
[SourceVersionDate "2006.09.14"]
[SourceQuality "1"]

1. d4 Nf6 2. Nc3 d5 3. Bg5 Nbd7 4. Qd3 c6 5. f3 Qa5 6. Nh3 h6 7. Bd2 Qd8 8. e4 e6 9. 0-0-0 dxe4 10. fxe4 Be7 11. Be2 a6 12. Qg3 g5 13. e5 Nd5 14. Nxd5 exd5 15. e6 Nf6 16. exf7+ Kf8 17. Nf2 Bd6 18. Qd3 Kxf7 19. h4 g4 20. h5 Qg8 21. Rdf1 Be6 22. Qb3 Rb8 23. Nd3 Ke7 24. Nf4 Bf7 25. Bd3 Ne4 26. Bb4 Bxb4 27. Qxb4+ Kd7 28. Bxe4 dxe4 29. Re1 Qg5 30. g3 Rhe8 31. c4 a5 32. Qc3 b5 33. d5 bxc4 34. Qxa5 Bxd5 35. Qa7+ Kd6 36. Qd4 c5 37. Qc3 Ra8 38. Rd1 Re5 39. Qxc4 Kc6 40. Rxd5 Rxd5 41. Qxd5+ Qxd5 42. Nxd5 Kxd5 43. a3 1/2-1/2

[Event "Brno op"]
[Site "Brno"]
[Date "2005.07.05"]
[Round "4"]
[White "Jimenez Martin, Gustavo"]
[Black "Sladek, Vladislav"]
[Result "1/2-1/2"]
[WhiteElo "2131"]
[BlackElo "2002"]
[PlyCount "50"]
[EventDate "2005.07.02"]
[EventType "swiss"]
[EventRounds "7"]
[EventCountry "CZE"]
[SourceTitle "EXT 2006"]
[Source "ChessBase"]
[SourceDate "2005.11.24"]
[SourceVersion "1"]
[SourceVersionDate "2005.11.24"]
[SourceQuality "1"]

1. f4 d5 2. Nf3 Nf6 3. g3 Bg4 4. Bg2 e6 5. 0-0 Bd6 6. d3 Nbd7 7. Nc3 c6 8. e4 dxe4 9. dxe4 Bc5+ 10. Kh1 h5 11. h3 h4 12. Qe1 hxg3 13. Qxg3 Qa5 14. e5 Bxf3 15. Qxf3 Nh5 16. Bd2 0-0-0 17. Ne4 Qa4 18. b4 Qxc2 19. Rfe1 Be7 20. b5 Nc5 21. Nxc5 Rxd2 22. Rac1 Rxg2 23. Rxc2 Rxc2 24. Nb3 Bh4 25. Nd4 Rf2 1/2-1/2

[Event "Euskadi-chTA"]
[Site "Euskadi"]
[Date "2001.01.20"]
[Round "6"]
[White "Jimenez Martin, Gustavo"]
[Black "Zurutuza Sunsundegi, Imanol"]
[Result "1-0"]
[WhiteElo "2137"]
[BlackElo "1870"]
[PlyCount "49"]
[EventDate "2000.11.18"]
[EventType "team-tourn"]
[EventRounds "9"]
[EventCountry "ESP"]
[SourceTitle "EXT 2006"]
[Source "ChessBase"]
[SourceDate "2005.11.24"]
[SourceVersion "1"]
[SourceVersionDate "2005.11.24"]
[SourceQuality "1"]

1. f4 Nf6 2. Nf3 d5 3. e3 e6 4. b3 Be7 5. Bb2 Nbd7 6. d4 c6 7. Bd3 Qc7 8. Nbd2 b6 9. 0-0 c5 10. Ne5 Bb7 11. Qe2 Nxe5 12. fxe5 Nd7 13. Qh5 g6 14. Qh6 Bf8 15. Qf4 Nb8 16. Qf6 Rg8 17. c4 Bg7 18. Qh4 Rh8 19. cxd5 Bxd5 20. e4 Bb7 21. Nc4 Bf8 22. d5 exd5 23. Nd6+ Bxd6 24. exd6 Qxd6 25. Bxh8 1-0